SOIL-SPECIFIC farming precision agriculture

Saved in:
Bibliographic Details
Format: Book
Language:English
Published: CRC Press 2016.
Tags: Add Tag
No Tags, Be the first to tag this record!

MARC

LEADER 00000nam a22000007a 4500
008 201214b ||||| |||| 00| 0 eng d
020 |a ISBN: 978-1-4822-4533-2 
245 |a SOIL-SPECIFIC farming  |b precision agriculture   |c edited by Rattan Lal and B. A. Stewart  |g xiii; 417p.; ill. 
260 |b  CRC Press  |c 2016.  |h Boca Raton FL  |i 689970   |l S494.5 .P73So3  |m Precision farming.  |m Lal, Rattan.  |m  Stewart, B. A. 
942 |a lcc  |c BK  |e Olagoke M A  |f 14/12/2020 
952 |0 0  |1 0  |2 lcc  |4 0  |6 S04945 P73 S O3  |7 0  |9 411  |a HOL  |b HOL  |c QZ  |d 2020-12-14  |l 0  |o S494.5 .P73So3  |p 2020-2142  |r 2020-12-14 00:00:00  |w 2020-12-14  |y BK 
999 |c 202  |d 202